Recent advances in plantation crops research (Papers presented at 13th plantation crops symposium, Coimbatore, Tamil Nadu, December 16-18, 1998) (PLACROSYM XIII) (Record no. 43912)

MARC details
000 -LEADER
fixed length control field 00800nam a2200229Ia 4500
082 ## - DEWEY DECIMAL CLASSIFICATION NUMBER
Classification number 633(06)1998
Item number PLA
100 ## - MAIN ENTRY--AUTHOR NAME
Personal name Muraleedharan, N
245 #0 - TITLE STATEMENT
Title Recent advances in plantation crops research (Papers presented at 13th plantation crops symposium, Coimbatore, Tamil Nadu, December 16-18, 1998) (PLACROSYM XIII)
260 ## - PUBLICATION, DISTRIBUTION, ETC. (IMPRINT)
Place of publication New Delhi
Name of publisher Allied Publishers
Year of publication 2000
650 ## - SUBJECT ADDED ENTRY--TOPICAL TERM
Topical Term Disease management
650 ## - SUBJECT ADDED ENTRY--TOPICAL TERM
Topical Term Hevea bench grafting
650 ## - SUBJECT ADDED ENTRY--TOPICAL TERM
Topical Term Hevea drain resources
650 ## - SUBJECT ADDED ENTRY--TOPICAL TERM
Topical Term Hevea exploitation5Temperature stress
650 ## - SUBJECT ADDED ENTRY--TOPICAL TERM
Topical Term Pest management
650 ## - SUBJECT ADDED ENTRY--TOPICAL TERM
Topical Term Rubber fertilizer application
650 ## - SUBJECT ADDED ENTRY--TOPICAL TERM
Topical Term Rubber wood processing
650 ## - SUBJECT ADDED ENTRY--TOPICAL TERM
Topical Term Smoked sheet effluent
650 ## - SUBJECT ADDED ENTRY--TOPICAL TERM
Topical Term TPD syndrome
700 ## - ADDED ENTRY--PERSONAL NAME
Personal name Raj Kumar, R
942 ## - ADDED ENTRY ELEMENTS (KOHA)
Koha item type Books
Holdings
Withdrawn status Lost status Damaged status Not for loan Home library Current library Date acquired Source of acquisition Full call number Accession Number Koha item type
        RRII Library RRII Library 16/12/2021 Gift 633(06)1998 PLA G00661 Books